Dopady ekonomickej krízy na automobilový a elektrotechnický priemysel na Slovensku
Makroekonomický vývoj, údaje a analýzy priemyselnej produkcie "luxusných statkov" slovenskej ekonomiky. Dopyt po tomto druhu statkov a dopady na makroekonomické ukazovatele. Návrhy opatrení pre podnikateľské subjekty na predchádzanie ekonomickým krízam.
Guardado en:
| Autor principal: | |
|---|---|
| Formato: | Capítulo de libro |
| Lenguaje: | eslovaco |
| Materias: | |
| Etiquetas: |
Sin Etiquetas, Sea el primero en etiquetar este registro!
|
MARC
| LEADER | 00000naa$a2200000$$$4500 | ||
|---|---|---|---|
| 001 | 0181125 | ||
| 005 | 20240502073113.3 | ||
| 041 | 0 | |a slo | |
| 044 | |a SK | ||
| 245 | 1 | 0 | |a Dopady ekonomickej krízy na automobilový a elektrotechnický priemysel na Slovensku |c Dana Jurenková |
| 520 | |a Makroekonomický vývoj, údaje a analýzy priemyselnej produkcie "luxusných statkov" slovenskej ekonomiky. Dopyt po tomto druhu statkov a dopady na makroekonomické ukazovatele. Návrhy opatrení pre podnikateľské subjekty na predchádzanie ekonomickým krízam. | ||
| 610 | 2 | 0 | |a kríza hospodárska |
| 610 | 2 | 0 | |a priemysel elektrotechnický |
| 610 | 2 | 0 | |a priemysel automobilový |
| 610 | 2 | 0 | |a kolísanie výroby |
| 610 | 2 | 0 | |a ukazovatele makroekonomické |
| 610 | 2 | 0 | |a produkcia |
| 610 | 2 | 0 | |a dopyt |
| 610 | 2 | 0 | |a tržby |
| 100 | 1 | |a Jurenková, Dana | |